Responses for Show #4243 - Wednesday, January 29, 2003

Jackie Harrison game 2.

Contestants

[<< previous game]

Eileen Hand, a temporary executive assistant from Dumfries, Virginia

Patrick Krug, a marine biologist originally from Philadelphia, Pennsylvania

Jackie Harrison, a surgeon from Chicago, Illinois (whose 1-day cash winnings total $24,401)

[next game >>]

Jeopardy! Round responses

CHICKS WITH BICS
(Alex: Uh boy, what is that about?)
"DOLLAR"S & "CENT"S
A WINDY CATEGORY
(Alex: I suppose that's for you, Jackie.)
SUNNY SONGS
WHICH CAME FIRST?
ATHLETES' RHYME TIME
    $200 1
Carolyn Keene

Eileen
    $200 2
top dollar

Jackie
    $200 11
wind chill

Patrick
    $200 16
"House Of The Rising Sun"

Eileen
    $200 21
Chicago Cubs

Jackie
    $400 3
P.L. Travers

Triple Stumper
    $400 7
centigrade

Patrick
    $400 12
snow

Eileen
    $400 17
"Let the Sunshine in"

Eileen
    $400 22
California statehood

Jackie
    $400 29
[The end-of-round signal sounds.]

Lance's glances

Jackie
    $600 4
Margaret Truman

Jackie
    $600 8
sand dollar

Jackie
    $600 13
typhoons

Jackie
    $1,000 18
(Eileen: I don't know.)

"Here Comes the Sun"

Eileen
    $600 23
(Jackie: Who is... [time expiry signal] [*]?)
...
(Alex: Jackie, you took too long.)

Ronald Reagan

JackieEileen
    $600 26
Mike's likes

Patrick
    $800 5
(Jackie: Who is Patti Reagan?)

Patti Davis

Jackie
    $800 9
docent

Patrick
    $800 14
(Patrick: What is windward?)

leeward

Patrick
Triple Stumper
    $800 19
"You Are The Sunshine Of My Life"

Jackie
    $800 24
Happy Days

Patrick
    $800 27
Daryle's barrels

Triple Stumper
    $1000 6
Jean Auel

Jackie
    $1000 10
concentric

Patrick
    $1000 15
(Patrick: What is a funnel?)
(Eileen: What is a vortex?)

updraft

PatrickEileen
Triple Stumper
    $1000 20
"Walking on the Sun"

Jackie
    $1000 25
(Alex: All works by Vincent van Gogh, and we have less than a minute to go.)

Potato Eaters

Triple Stumper
    $1000 28
Rich's niches

Triple Stumper

Scores at the first commercial break (after clue 15):

Jackie Patrick Eileen
$3,800 $600 -$400

Scores at the end of the Jeopardy! Round:

Jackie Patrick Eileen
$6,000 $2,000 -$200

Double Jeopardy! Round responses

1903
ONE-WORD FILM TITLES
A LITERARY TOUR
MIT
ICH BIN EIN BERLINER
WHEEL OF JEOPARDY!
    $400 22
Theodore Roosevelt

Patrick
    $400 3
Gigi

Patrick
    $400 2
Cervantes

Jackie
    $400 8
the Internet

Jackie
    $400 1
the Brothers Grimm

Patrick
    $400 13
hold your horses

Patrick
    $800 23
(Alex: Less than a minute to go.)

Aviation

Triple Stumper
    $800 6
Glitter

Eileen
    $800 4
(Patrick: Who is Poe?)

William Shakespeare

Patrick
Triple Stumper
    $800 27
(Patrick: What is Stanford?)
(Eileen: What is Cal Poly?)
[The end-of-round signal sounds.]

Caltech

PatrickEileen
Triple Stumper
    $800 18
(Eileen: Who is Kant?)

Bach

Eileen
Triple Stumper
    $800 14
gone with the wind

Jackie
    $1200 24
heart

Jackie
    $1200 9
Magnolia

Jackie
    $1200 5
Gorky Park

Jackie
    $1200 19
(Jackie: Who is de Klerk?)

Willy Brandt

Jackie
Triple Stumper
    $1200 15
snake in the grass

Patrick
    $2,000 25
Church of England

Jackie
    $1600 10
Amadeus

Jackie
    $1600 7
(Patrick: Who is Byron?)

John Keats

Patrick
Triple Stumper
    $1,500 20
(Eileen: No clue.)

Hoffmann

Eileen
    $1600 16
behind the eight ball

Jackie
    $2000 26
Macedonia

Patrick
    $2000 11
Ninotchka

Jackie
    $2000 12
(Eileen: Who is Dante?)
(Patrick: Who is...)

Giovanni Boccaccio

PatrickEileen
Triple Stumper
    $2000 21
August von Wassermann

Jackie
    $2000 17
(Jackie: [No response])
...
(Alex: You guys did well in that category; you might consider going to "that other show"; you'd earn a lot of money!)

knock on wood

JackieEileen

Scores at the end of the Double Jeopardy! Round:

Jackie Patrick Eileen
$17,200 $1,600 -$2,500
(lock game)

[wagering suggestions for these scores]

Final Jeopardy! Round responses

TRANSPORTATION
(Alex: Max Schmeling, who was German, was the one who beat Joe Louis.)
PatrickWhat was the Lusitania?
$1,599
JackieWhat is the Spirit of St. Louis
$6,000
the Hindenburg

Final scores:

Jackie Patrick Eileen
$11,200 $1 -$2,500
2-day champion: $35,601 2nd place: $2,000 3rd place: $1,000

Game dynamics:

Coryat scores:

Jackie Patrick Eileen
$16,800 $1,600 $0
22 R
(including 1 DD),
3 W
12 R,
6 W
7 R,
6 W
(including 2 DDs)

Combined Coryat: $18,400

[game clues] [game scores] [suggest correction]

Game tape date: 2002-10-29
The J! Archive is created by fans, for fans. Scraping, republication, monetization, and malicious use prohibited; this site may use cookies and collect identifying information. See terms. The Jeopardy! game show and all elements thereof, including but not limited to copyright and trademark thereto, are the property of Jeopardy Productions, Inc. and are protected under law. This website is not affiliated with, sponsored by, or operated by Jeopardy Productions, Inc. Join the discussion at JBoard.tv.